Statistiques concernant QA #06 - La réponse est un renne du Père Noël

Cliquez ici pour prendre le quiz!

Statistiques générales

  • Ce quiz a été pris 108 fois
  • Le résultat moyen est 5 sur 9

Statistiques - réponses

IndicesRéponses% Correct
Phénomène lumineux provoqué par la foudreEclair
99%
Equivalent sonore de la réponse précédenteTonnerre
90%
Ce type de tourbillon de vent tue chaque année 150 étatsuniensTornade
70%
Petit ange à carquois, fils de Mars et VénusCupidon
67%
Celle de Halley est très certainement la plus célèbreComète
58%
Profession de Patrick DupondDanseur
52%
Fils de François-Joseph et de Sissi, héritier du trône de HabsbourgRudolf
51%
Auberge de Bree dans laquelle Frodo rencontre AragornLe Poney {Fringant}
31%
Divinités romaines persécutrices, équivalentes des Erinyes grecquesFurie
16%

Distribution des résultats

Percentile par nombre de réponses

% des personnes avec chaque résultat

Votre développement - résultats

Vous n’avez pas pris ce quiz